Разработка печатных плат в NI Ultiboard

Bibliografiske detaljer
Hovedforfatter: Певницкий С. Ю. Сергей Юрьевич
Summary:В книге рассмотрены основные функции приложения Ultiboard системы свозного проектирования N1 Circuit Design Suite. Даны рекомендации по настройке интерфейса программы, позволяющие впервые приступившим к работе с ней быстро понять идеологию Ultiboard и основы работы с этим приложением. Значительная часть материалов посвящена процессу создания корпусов для используемых компонентов. В завершении приведен практический пример создания готового РСВ проекта с передачей результатов на производство для изготовления печатной платы. Все материалы написаны с расчетом на использование русифицированной версии программы. Издание предназначено для студентов вузов, изучающих LabVIEW и занимающихся моделированием в среде Multisim, радиолюбителей и профессиональных разработчиков электронных устройств.
Sprog:russisk
Udgivet: Москва, ДМК Пресс, 2012
Fag:
Format: Bog
KOHA link:https://koha.lib.tpu.ru/cgi-bin/koha/opac-detail.pl?biblionumber=211931

MARC

LEADER 00000nam0a2200000 4500
001 211931
005 20231101225722.0
010 |a 9785940747895 
035 |a (RuTPU)RU\TPU\book\231543 
090 |a 211931 
100 |a 20120321d2012 km y0rusy50 ca 
101 0 |a rus 
102 |a RU 
105 |a a z 000zy 
200 1 |a Разработка печатных плат в NI Ultiboard  |f С. Ю. Певницкий 
210 |a Москва  |c ДМК Пресс  |d 2012 
215 |a 255 с.  |c ил. 
330 |a В книге рассмотрены основные функции приложения Ultiboard системы свозного проектирования N1 Circuit Design Suite. Даны рекомендации по настройке интерфейса программы, позволяющие впервые приступившим к работе с ней быстро понять идеологию Ultiboard и основы работы с этим приложением. Значительная часть материалов посвящена процессу создания корпусов для используемых компонентов. В завершении приведен практический пример создания готового РСВ проекта с передачей результатов на производство для изготовления печатной платы. Все материалы написаны с расчетом на использование русифицированной версии программы. Издание предназначено для студентов вузов, изучающих LabVIEW и занимающихся моделированием в среде Multisim, радиолюбителей и профессиональных разработчиков электронных устройств. 
606 1 |a Печатные схемы  |x Проектирование  |x Автоматизация  |2 stltpush  |3 (RuTPU)RU\TPU\subj\48725  |9 67570 
610 1 |a печатные платы 
610 1 |a разработка 
610 1 |a компоненты 
610 1 |a программные приложения 
610 1 |a многоярусные платы 
610 1 |a NI Ultiboard 
610 1 |a проекты 
675 |a 621.382.049.75  |v 3 
700 1 |a Певницкий  |b С. Ю.  |g Сергей Юрьевич 
801 1 |a RU  |b 63413507  |c 20120321 
801 2 |a RU  |b 63413507  |c 20130610  |g RCR 
942 |c BK 
959 |a 44/20120321  |d 1  |e 302,30  |f ЧЗТЛ:1